มุมมองปกติ
มุมมองแบบ MARC
- ความเห็นอกเห็นใจ
รายการ Topical Term
001 - CONTROL NUMBER
- control field: 66575
003 - CONTROL NUMBER IDENTIFIER
- control field: NALT
005 - DATE AND TIME OF LATEST TRANSACTION
- control field: 20250917094532.0
008 - FIXED-LENGTH DATA ELEMENTS
- fixed length control field: 250917|| aca||babn | a|a d
040 ## - CATALOGING SOURCE
- Original cataloging agency: NALT
150 ## - HEADING--TOPICAL TERM
- Topical term or geographic name entry element: ความเห็นอกเห็นใจ
